000 00554nam a22002177a 4500
003 UA-OsUOA
001 34706
007 ta
008 20051019b un ||||| |||| 00| 0 ukr d
090 _a94(477)
942 _cBK
040 _aUA-OsUOA
_bukr
_cUA-OsUOA
_dUA-OsUOA
245 _aГреки на українських теренах
300 _a488 с.
955 _a1
041 _aukr
080 _a94(477)
260 _aК.
_bЛибідь
_c2000
650 7 _a9 Географія. Біографії. Історія
_2UDC
999 _c321135
_d321135